00781nab a2200169 i 45000010005000000030009000050050017000140080039000310400021000700800010000911000138001012450144002395000042003836500014004256500015004397730157004541225KOSZ 00520180329135714.0150320s2001 pl | | |000 ||pol cBPKdKOSZ 005/AR a552.51 aŻUREK-PYSZ, Urszula.d1996 - .bPolitechnika Koszalińska - Wydział Budownictwa i Inżynierii Środowiska,cKatedra Geotechniki10aWłaściwości litologiczne, chemiczne i fizyczne wybranych rodzajów czwartorzędowych osadów węglanowych /cUrszula Żurek-Pysz. aDane z bibliografii załącznikowej. 0aGeologia. 0aWęglany. iW :tZeszyty Naukowe Politechniki Zielonogórskiej. -g2001, nr 125, s. 421-436dZielona Góra : Wydaw. Politechniki Zielonogórskiej. - x 1508-4450